000 00281nam a22001337a 4500
008 180928b xxu||||| |||| 00| 0 eng d
020 _a9780805318005
041 _aeng
080 _211
_a573
100 _a11
101 _aBIO
245 _aBiology
_cCampbell,j
942 _2udc
_cBK
999 _c48690
_d48690